000 01153nam a2200301 4500
003 EG-GICUC
005 20260425121042.0
008 260425s1980 ua ||||fr|||| 00| 0 ara d
040 _a EG-GICUC
_bara
_c EG-GICUC
_d EG-GICUC
_erda
041 0 _aara
082 0 4 _221
_a341.301
_bع ب . ع
092 0 4 _221
099 _aLaw1 11 341.301 ع ب . ع 1980
100 0 _aعبد المنعم ابراهيم البدراوي
_eAuthor.
245 1 2 _aالعلاقات الدولية بين النظرية والتطبيق /
_cعبد المنعم ابراهيم البدراوي.
264 1 _aالقاهرة :
_b[الناشر غير محدد]،
_c1980.
300 _a320 ؛ صفحة
_c24 سم
336 _2rda content
_atext
337 _2rda media
_aComputer
338 _2rda carrier
_aOnline Resource
500 _aالكتاب يحتوي على الجزء الاول والثاني.
546 _aالنص باللغة العربية
650 1 4 _aالقانون الدولي العام
650 1 4 _aالعلاقات الدولية
856 4 0 _uhttps://fll.law.cu.edu.eg/fulltext/bks/B11-10110.pdf
905 _a30
942 _2ddc
_cBK
_e21
_n0
999 _c73325
_d73325